BIBLIOTHÈQUE DE LA MAISON DU MEXIQUE

Logo 1 Logo 2

El régimen jurídico del corso marítimo (notice nᵒ 1929)

détails MARC
000 -Sello discográfico
campo de control de longitud fija 01423nam a2200349 4500
005 - Identificación de versión
campo de control 20251103195032.0
010 ## - Número Estándar Internacional de Libros (ISBN)
Número (ISBN) 968-36-5801-6
035 ## - Otros números de control del sistema
Número de control del sistema 22578
099 ## - fechas locales
Tipo de ítem Koha LIBRO
100 ## - Datos de procesamiento general
Datos de procesamiento general 19970729d1997 m y1spay5003 ba
101 ## - Idioma del recurso
Idioma del texto, banda sonora, etc. Español; Castellano
105 ## - Campo de datos codificados: Material textual, monográfico
Datos codificados de monografía y 001zy
200 1# - Título y mención de responsabilidad
Título propio El régimen jurídico del corso marítimo
Designación general del material texto impreso
Otra información del título el mundo indiano y el México del siglo XIX
Primer mención de responsabilidad Oscar Cruz Barney
Declaración de responsabilidad subsiguiente prólogo José Luis Soberanes Fernández
205 ## - Declaración de edición
Declaración de edición 1a ed
210 ## - Publicación, distribución, etc.
Lugar de publicación, distribución, etc. México
Nombre del editor, distribuidor, etc. Universidad Nacional Autónoma de México, Instituto de Investigaciones Jurídicas
Fecha de publicación, distribución, etc. 1997
215 ## - Descripción física
Designación de material específico y extensión del ítem 568 p
Dimensiones 23 cm
320 ## - Nota de índices/bibliografías internas
Texto de la nota Bibliografía: p.507-561
345 ## - Nota de información de adquisición
Fuente de adquisición/dirección de la suscripción [OBSOLETO] Donación de la UNAM
410 #1 - Series
Título Serie C. Estudios Históricos
Número de volumen 64
606 ## - Término temático usado como materia
Elemento de entrada Corso, Guerra de
Subdivisión geográfica México
Subdivisión temática Historia
Subdivisión cronológica Siglo XIX
Número Koha 4749
606 ## - Término temático usado como materia
Elemento de entrada Navegación
Subdivisión geográfica México
Subdivisión temática Historia
Subdivisión cronológica Siglo XIX
Número Koha 4750
607 ## - Nombre geográfico utilizado como tema
Elemento de entrada Estados Unidos
Subdivisión temática Historia
Subdivisión cronológica Guerra con México, 1845-1848
Número Koha 2356
607 ## - Nombre geográfico utilizado como tema
Elemento de entrada México
Subdivisión temática Historia
Subdivisión cronológica Guerra con Estados Unidos, 1845-1848
Número Koha 487
660 ## - Código de área geográfica
Código MX
700 ## - Nombre personal - Responsabilidad primaria
Elemento de entrada Cruz Barney
Parte del nombre distinta del elemento de entrada Oscar
Número Koha 4751
702 ## - Nombre personal - Responsabilidad secundaria
Elemento de entrada Soberanes Fernández
Parte del nombre distinta del elemento de entrada José Luis
Fechas 1950-
Número Koha 2421
801 #0 - Fuente de origen
País FR
Agencia cm
Reglas de catalogación (convenciones descriptivas) AFNOR
856 ## - Localización electrónica y acceso
Identificador Uniforme de Recurso https://biblio.juridicas.unam.mx/bjv/detalle-libro/154-el-regimen-juridico-del-corso-maritimo-el-mundo-indiano-y-el-mexico-del-siglo-xix
942 ## - ELEMENTOS DE ENTRADA SECUNDARIOS (KOHA)
Tipo de ítem Koha Livre
Exemplaires
Estatus retirado Estado de daño Estado de pérdida Fecha de adquisición Biblioteca de origen Biblioteca actual Ubicación en estantería Código de barras Precio de reemplazo Signatura topográfica completa No para préstamo Tipo de ítem Koha Nota pública Nota no pública
      05/08/2025 Casa México Paris Casa México Paris   009213 05/08/2025 972.05 C957RE   Livre 20231201LIV 751145101